Znalostně založená konkurenceschopnost - hodnocení podle metodologie KAM

Porovnanie Slovenskej republiky (resp. krajín Vyšehradskej štvorky) v rámci EÚ v štyroch základných oblastiach kvalitatívnej konkurencieschopnosti - inovačná výkonnosť, kvalita ľudských zdrojov, kvalita správy a podnikového prostredia a kvalita IKT. Identifikácia zaostávania slovenskej ekonomiky pod...

Descripción completa

Guardado en:
Detalles Bibliográficos
Autor principal: Veselková, Alexandra
Formato: Capítulo de libro
Lenguaje:checo
Materias:
Etiquetas: Agregar Etiqueta
Sin Etiquetas, Sea el primero en etiquetar este registro!

MARC

LEADER 00000nla$a2200000$$$4500
001 0066861
005 20240502071810.4
041 0 |a cze 
044 |a SK 
245 1 0 |a Znalostně založená konkurenceschopnost - hodnocení podle metodologie KAM  |c Alexandra Veselková 
520 |a Porovnanie Slovenskej republiky (resp. krajín Vyšehradskej štvorky) v rámci EÚ v štyroch základných oblastiach kvalitatívnej konkurencieschopnosti - inovačná výkonnosť, kvalita ľudských zdrojov, kvalita správy a podnikového prostredia a kvalita IKT. Identifikácia zaostávania slovenskej ekonomiky podľa vybraných zložiek znalostne ekonomického indexu (knowledge economy index -KEI). Použitie metodológie KAM. Slovensko nepriaznivo hodnotené predovšetkým na mikroekonomickej úrovni konkurencieschopnosti. 
610 2 0 |a konkurencia 
610 2 0 |a konkurencieschopnosť 
610 2 0 |a ekonomika vedomostná 
610 2 0 |a inovácia 
610 2 0 |a vzdelávanie 
610 2 0 |a technológie informačné 
610 2 0 |a technológie komunikačné 
610 2 0 |a výkonnosť 
610 2 0 |a zdroje ľudské 
610 2 0 |a Slovensko 
610 2 0 |a Európska únia 
100 1 |a Veselková, Alexandra